000 00434nam a2200169Ia 4500
999 _c17960
_d17960
082 _aTG.0064
100 _aGhosh, Ratna
245 0 _aPersonality study of the maladjusted marital behaviour
260 _c1975
_bCalcutta University
300 _a175
650 _aMarriage
_vAnnulment
_vIndia
650 _aAdjustment (Psychology)
650 _aMarital status
650 _aMarriage law
710 _aKundu, R.
942 _cTH
_2ddc